000 00355nam a2200145Ia 4500
008 230917s9999||||xx |||||||||||||| ||und||
040 _e75724
_aMAIN
041 _aEnglish
082 _a658.4 G959P
100 _aGupta, N.S
245 0 _aPrinciples and practice of management
260 _aDelhi
_bLight & Life
_c1979
300 _a527 p.
942 _cBK
999 _c199596
_d199596